000 00448nam a2200181Ia 4500
008 210210b2003 xxu||||| |||| 00| 0 eng d
020 _a1 4051 2158 0
041 _aeng
082 _a574.29 REEL
100 _aREEVES (Gordon) and TODD (Ian).
245 _aLecture notes on Immunology. Ed.4
250 _a
260 _aOxford
_bNot Mentioned
_c2003
300 _aviii,267
650 _aImmunology
690 _aImmunology
906 _a058897
999 _c106140
_d106140